Normal view MARC view

Entry Topical Term

Number of records used in: 1

001 - CONTROL NUMBER

  • control field: 29769

003 - CONTROL NUMBER IDENTIFIER

  • control field: OSt

005 - DATE AND TIME OF LATEST TRANSACTION

  • control field: 20220212132855.0

008 - FIXED-LENGTH DATA ELEMENTS

  • fixed length control field: 220212|| aca||aabn | a|a d

040 ## - CATALOGING SOURCE

  • Original cataloging agency: OSt
  • Transcribing agency: OSt

150 ## - HEADING--TOPICAL TERM

  • Topical term or geographic name entry element: India, migrant worker, Reverse migration, Health of migrants, CCA, Economic problems of migrants, Stigma, Agency

670 ## - SOURCE DATA FOUND

  • Source citation: Work cat.: (OSt): Mookerjee, Devalina, et al 29768, A culture-centered approach to experiences of the CoronaVirus pandemic lockdown among internal migrants in India

Powered by Koha